| 000 | 01229pam a2200313 a 4500 | ||
|---|---|---|---|
| 999 |
_c331992 _d331992 |
||
| 001 | 1617311 | ||
| 003 | NUST | ||
| 005 | 20171107100704.0 | ||
| 008 | 951019s1996 enka b 001 0 eng | ||
| 010 | _a 95042464 | ||
| 020 | _a0471961639 (acidfree paper) | ||
| 040 |
_aDLC _cDLC _dDLC |
||
| 043 | _aw------ | ||
| 050 | 0 | 0 |
_aTD626.5 _b.M37 1996 |
| 082 | 0 | 0 |
_a628.2091732 MAR _220 |
| 100 | 1 |
_aMara, D. Duncan _q(David Duncan), _d1944- _96025 |
|
| 245 | 1 | 0 |
_aLow-cost urban sanitation / _cDuncan Mara. |
| 260 |
_aChichester ; _aNew York : _bJohn Wiley, _cc1996. |
||
| 300 |
_axv, 223 p. : _bill. ; _c25 cm. |
||
| 500 | _aP.B | ||
| 504 | _aIncludes bibliographical references and index. | ||
| 650 | 0 |
_aSewerage _zTropics. _96026 |
|
| 650 | 0 |
_aSewerage _xEconomic aspects _zTropics. _96027 |
|
| 650 | 0 |
_aSewerage _xSocial aspects _zTropics. _96028 |
|
| 650 | 0 |
_aSanitation _zTropics. _96029 |
|
| 856 | 4 | 2 |
_3Publisher description _uhttp://www.loc.gov/catdir/description/wiley037/95042464.html |
| 856 | 4 |
_3Table of Contents _uhttp://www.loc.gov/catdir/toc/onix01/95042464.html |
|
| 906 |
_a7 _bcbc _corignew _d1 _eocip _f19 _gy-gencatlg |
||
| 942 |
_2ddc _cBK _kIESE |
||